| 000 | 00633nam a2200217Ia 4500 | ||
|---|---|---|---|
| 003 | GCL | ||
| 008 | 140319s9999 xx 000 0 ara d | ||
| 040 |
_aGCL / _cGCL |
||
| 082 | 0 | 4 |
_a813.0873 _bج ر |
| 100 | 1 | _aجرجى زيدان | |
| 245 | 1 | 0 |
_aفتاة غسان 1 - 2 / _cجرجى زيدان |
| 260 |
_a[S.N] : _bدار الجيل |
||
| 300 | _a270 ص | ||
| 490 |
_aروايات التاريخ الاسلامى _v0 |
||
| 650 | 0 | 4 | _aالادب العربى |
| 650 | 0 | 4 | _aالقصص العربية |
| 650 | 0 | 4 | _aالاسلام |
| 650 | 0 | 4 | _aالقصص التاريخية |
| 650 | 0 | 4 | _aالمجموعات |
| 942 |
_2ddc _cBK |
||
| 999 |
_c56162 _d56162 |
||